LEADER 00954cam0-2200289 --450 001 9910494849703321 005 20210924085728.0 010 $a978-88-7541-642-3 100 $a20210924d2019----km y0itay50 ba 101 0 $aita 102 $aIT 105 $aa 001yy 200 1 $a<>resistenza etiopica nel Lasta$edalla rivolta anti-italiana di Hailu Chebbede del 1937 alle operazioni della primavera 1939$fGabriele Zorzetto 210 $aUdine$cGaspari$d2019 215 $a126 p.$cill., carte geografiche$d24 cm 225 1 $a<>libri dell'araba fenice 610 0 $aChebbede, Hailu 610 0 $aItalia$aPolitica coloniale$aEtiopia$a1937-1939 676 $a963.057$v23$zita 700 1$aZorzetto,$bGabriele$0698075 801 0$aIT$bUNINA$gREICAT$2UNIMARC 901 $aBK 912 $a9910494849703321 952 $aXIV E 4428$b3677/2020$fFSPBC 959 $aFSPBC 996 $aResistenza etiopica nel Lasta$91872403 997 $aUNINA LEADER 01769nam a2200361 i 4500 001 991003788129707536 008 080710s2007 gw a||||||||||||||||eng d 020 $a9783540721291 035 $ab13751748-39ule_inst 040 $aISUFI - Sett. Patrimonio Culturale$bita 082 04$a621.366 084 $a53.2.68 084 $aLC QC1 111 2 $aLACONA (Conference)$n<6th :$d2005 ;$cVienna, Austria>$0628964 245 10$aLasers in the conservation of artworks :$bLACONA VI proceedings, Vienna, Austria, Sept. 21 - 25, 2005 /$cJ. Nimmrichter, W. Kautek, M. Schreiner (Eds.) 260 $aBerlin :$bSpringer,$cc2007 300 $axxvi, 647 p. :$bill. ;$c24 cm 440 0$aSpringer Proceedings in Physics ;$v116 500 $a"The 6th International Conference on Lasers in the Conservation of Artworks (LACONA VI) took place in Vienna, Austria, 21-25 September 2005."--P. vi. 504 $aIncludes bibliographical references 650 0$aArt objects$xConservation and restoration$vCongresses 650 0$aArchitecture$xConservation and restoration$vCongresses 650 0$aLasers in conservation and restoration$vCongresses 700 1 $aKautek, Wolfgang 700 1 $aSchreiner, Manfred 700 1 $aNimmrichter, Johann$eauthor$4http://id.loc.gov/vocabulary/relators/aut$0739348 907 $a.b13751748$b02-09-09$c10-07-08 912 $a991003788129707536 945 $aLE006 53.2.63 NIM$g1$i2006000162524$lle006$op$pE207.95$q-$rl$s- $t0$u2$v0$w2$x0$y.i14807014$z22-07-08 945 $aLE016 621.366 LAC 01.01$g1$i2016000118711$lle016$on$pE207.95$q-$rn$so $t0$u0$v0$w0$x0$y.i14820262$z03-09-08 996 $aLasers in the conservation of artworks$91464568 997 $aUNISALENTO 998 $ale006$a(2)le016$b10-07-08$cm$da $e-$feng$ggw $h0$i0